Statistics for Ultimate Disney Quiz

Click here to take the quiz!

General Stats

  • This quiz has been taken 13 times
  • The average score is 3 of 11

Answer Stats

QuestionEnter Answer Here:% Correct
How many older brothers does Hans have in Frozen?12
85%
How many of Hans’ brothers pretended he was invisible?3
85%
Complete the Hercules line, “Honey, you mean _______”Hunkules
23%
What fish in the Little Mermaid plays the harp?Carp
23%
And for how long did they pretend he was invisible?2 years
15%
What are the names of the three fairies in Sleeping Beauty?Fauna, Flora and Merryweather
15%
What colour is Cinderella’s dress (in the original film)?Silver
15%
What food does Tiana and Naveen make while still frogs in Princess and the Frog?Swamp Gumbo
8%
In the Little Mermaid, what is the order of instruments (or words etc.) Kiss the Girl starts with?Percussion, Strings, Winds, Words
8%
What is the name of the sword and shield Prince Phillip is given in Sleeping Beauty?The Sword of Truth and the Shield of Virtue
0%
What was the deleted scene/song from Cinderella called?Dancing on a cloud
0%

Score Distribution

Percentile by Number Answered

Percent of People with Each Score

Your Score History

You have not taken this quiz